[Event "Weiz op 16th"]
[Site "Weiz"]
[Date "2017.06.17"]
[Round "4.1"]
[White "Bratko, Alexander"]
[Black "Enk, Hans Peter"]
[Result "1/2-1/2"]
[WhiteElo "1694"]
[BlackElo "1835"]
[PlyCount "33"]
[EventDate "2017.06.15"]
[EventType "swiss"]
[EventRounds "5"]
[EventCountry "AUT"]
[SourceTitle "EXT 2024"]
[Source "ChessBase"]
[SourceDate "2023.10.10"]
[SourceVersion "1"]
[SourceVersionDate "2023.10.10"]
[SourceQuality "1"]

1. e4 c5 2. f4 Nc6 3. Nf3 e6 4. Bb5 Nge7 5. 0-0 a6 6. Bxc6 Nxc6 7. c3 Be7 8. d3 0-0 9. Be3 d5 10. Nbd2 f5 11. exd5 exd5 12. d4 c4 13. Ne5 Qb6 14. Qc2 Bf6 15. Ndf3 Re8 16. Rae1 Be6 17. Kh1 1/2-1/2

[Event "Weiz op 16th"]
[Site "Weiz"]
[Date "2017.06.16"]
[Round "3.1"]
[White "Enk, Hans Peter"]
[Black "Goeslbauer, Harald"]
[Result "1/2-1/2"]
[WhiteElo "1835"]
[BlackElo "1816"]
[PlyCount "35"]
[EventDate "2017.06.15"]
[EventType "swiss"]
[EventRounds "5"]
[EventCountry "AUT"]
[SourceTitle "EXT 2024"]
[Source "ChessBase"]
[SourceDate "2023.10.10"]
[SourceVersion "1"]
[SourceVersionDate "2023.10.10"]
[SourceQuality "1"]

1. Nf3 d5 2. b3 Nf6 3. Bb2 g6 4. d3 Bg7 5. Nbd2 c5 6. c4 0-0 7. cxd5 Qxd5 8. g3 Nc6 9. Bg2 b6 10. 0-0 Bb7 11. Nc4 Nd4 12. Ne1 Qd7 13. Ne5 Qc7 14. N5f3 Rad8 15. Rc1 Qb8 16. e3 Nxf3+ 17. Nxf3 Ba6 18. Ne1 1/2-1/2

[Event "Weiz op 16th"]
[Site "Weiz"]
[Date "2017.06.15"]
[Round "2.1"]
[White "Kaiser, Guenter2"]
[Black "Enk, Hans Peter"]
[Result "0-1"]
[WhiteElo "1876"]
[BlackElo "1835"]
[PlyCount "78"]
[EventDate "2017.06.15"]
[EventType "swiss"]
[EventRounds "5"]
[EventCountry "AUT"]
[SourceTitle "EXT 2024"]
[Source "ChessBase"]
[SourceDate "2023.10.10"]
[SourceVersion "1"]
[SourceVersionDate "2023.10.10"]
[SourceQuality "1"]

1. d4 d5 2. c4 c6 3. e3 Nf6 4. Nf3 e6 5. Be2 dxc4 6. Bxc4 b5 7. Be2 Bd6 8. 0-0 0-0 9. Ne5 Bb7 10. Bf3 Qc7 11. Nc3 a6 12. Ne4 Nxe4 13. Bxe4 f5 14. Bc2 Bxe5 15. dxe5 Qxe5 16. Bb3 c5 17. f4 Qe4 18. Qf3 c4 19. Bd1 Nd7 20. Bd2 Nf6 21. Qg3 Qd3 22. Bc3 Rad8 23. Rf2 Qd7 24. Be2 Ne4 25. Qh4 Nxf2 26. Kxf2 Qf7 27. a4 Be4 28. axb5 axb5 29. Bd4 Ra8 30. Rd1 Rfc8 31. Bc3 Qf8 32. Qg3 Qe7 33. Rd6 Rc6 34. Rd2 b4 35. Be5 c3 36. bxc3 bxc3 37. Rd1 c2 38. Rc1 Rac8 39. Bb5 Rb6 0-1

[Event "Obersteyr-ch"]
[Site "Muerzhofen"]
[Date "2012.01.04"]
[Round "1"]
[White "Enk, Hans Peter"]
[Black "Wagner, Oliver"]
[Result "0-1"]
[WhiteElo "1804"]
[BlackElo "2087"]
[PlyCount "80"]
[EventDate "2012.01.04"]
[EventType "swiss"]
[EventRounds "7"]
[EventCountry "AUT"]
[SourceTitle "EXT 2014"]
[Source "ChessBase"]
[SourceDate "2013.11.20"]
[SourceVersion "1"]
[SourceVersionDate "2013.11.20"]
[SourceQuality "1"]

1. d4 d5 2. c4 e6 3. Nf3 c6 4. Nc3 Nf6 5. Bg5 dxc4 6. e4 b5 7. e5 h6 8. Bh4 g5 9. Nxg5 hxg5 10. Bxg5 Nbd7 11. g3 Qa5 12. exf6 b4 13. Ne4 Ba6 14. Be2 0-0-0 15. 0-0 Qf5 16. f3 Nc5 17. g4 Qg6 18. Nxc5 Bxc5 19. Be3 Qxf6 20. Qa4 Bb5 21. Qc2 Bxd4 22. Bxd4 Qxd4+ 23. Kg2 Qf4 24. h3 Rd2 25. Qc1 Rxe2+ 26. Rf2 Rxf2+ 27. Kxf2 Qxc1 28. Rxc1 Rxh3 29. Kg2 Rh8 30. Kg3 Kd7 31. f4 Ke7 32. g5 a5 33. f5 exf5 34. Rf1 Ke6 35. Re1+ Kd5 36. Kf4 Rh2 37. Rd1+ Kc5 38. Kxf5 Rxb2 39. Rf1 c3 40. Kf6 Bxf1 0-1